[Event "ROM-ch U08 Girls"]
[Site "Calimanesti"]
[Date "2015.04.05"]
[Round "8"]
[White "Ciocan, Ariana Roxana"]
[Black "Ioitescu, Maria Roxana"]
[Result "1-0"]
[WhiteElo "1222"]
[BlackElo "1064"]
[PlyCount "103"]
[EventDate "2015.03.30"]
[EventType "swiss"]
[EventRounds "9"]
[EventCountry "ROU"]
[SourceTitle "CBM 165 Extra"]
[Source "ChessBase"]
[SourceDate "2015.04.21"]
[SourceVersion "1"]
[SourceVersionDate "2015.04.21"]
[SourceQuality "1"]

1. e4 e5 2. Nf3 d5 3. Nxe5 Bd6 4. d4 dxe4 5. Nc3 Nf6 6. Bc4 0-0 7. Bg5 h6 8. Bh4 Bxe5 9. dxe5 Qxd1+ 10. Rxd1 Bg4 11. Rd4 Nc6 12. Rd2 Nh5 13. Nxe4 Nxe5 14. Bb3 Rfe8 15. Bd5 Kh8 16. 0-0 Nf4 17. Nc3 Nxd5 18. Nxd5 Rac8 19. Bg3 Nc4 20. Rd4 Be2 21. Re1 Nxb2 22. c3 Nc4 23. f3 Nb6 24. Nxc7 Re7 25. Kf2 a6 26. Rxe2 Rd7 27. Rb2 Rxd4 28. cxd4 Nc4 29. Rb3 Na5 30. Rd3 Rd8 31. d5 Rd7 32. d6 Nc6 33. Na8 Nb4 34. Rd2 b5 35. Nb6 Rd8 36. d7 Nc6 37. Rd6 Ne7 38. Bh4 g5 39. Rxh6+ Kg8 40. Bxg5 Nf5 41. Bxd8 Nxh6 42. Bg5 Kg7 43. Bxh6+ Kxh6 44. d8Q Kg7 45. Qd6 Kg8 46. Qh6 f6 47. Nd7 Kf7 48. Qxf6+ Kg8 49. g4 Kh7 50. g5 Kg8 51. g6 a5 52. Qf8# 1-0

[Event "ROM-ch U08 Girls"]
[Site "Calimanesti"]
[Date "2015.04.04"]
[Round "7"]
[White "Ioitescu, Maria Roxana"]
[Black "Barbu, Timea Alexandra"]
[Result "1-0"]
[WhiteElo "1064"]
[BlackElo "1026"]
[PlyCount "75"]
[EventDate "2015.03.30"]
[EventType "swiss"]
[EventRounds "9"]
[EventCountry "ROU"]
[SourceTitle "CBM 165 Extra"]
[Source "ChessBase"]
[SourceDate "2015.04.21"]
[SourceVersion "1"]
[SourceVersionDate "2015.04.21"]
[SourceQuality "1"]

1. d4 d5 2. c4 e6 3. Nf3 Nf6 4. Bg5 Nbd7 5. Nc3 Bb4 6. a3 Ba5 7. b4 Bb6 8. c5 h6 9. Bh4 c6 10. cxb6 Qxb6 11. e3 0-0 12. Bd3 Re8 13. 0-0 e5 14. Bc2 e4 15. Nd2 Re6 16. h3 a5 17. Qb1 axb4 18. Qxb4 Qxb4 19. axb4 Rxa1 20. Rxa1 Nb6 21. Bxf6 Rxf6 22. Bb3 Rg6 23. Kf1 Bf5 24. Na4 Nc8 25. Nc5 b6 26. Na4 b5 27. Nc3 Nd6 28. Ra6 Nc8 29. g4 Bd7 30. Ra8 f5 31. f3 exf3 32. Nxf3 fxg4 33. hxg4 Rxg4 34. Ne5 Rh4 35. Nxd7 Rh1+ 36. Kg2 Rc1 37. Rxc8+ Kh7 38. Rxc6 1-0

[Event "ROM-ch U08 Girls"]
[Site "Calimanesti"]
[Date "2015.04.03"]
[Round "6"]
[White "Brebenel, Ioana Miruna"]
[Black "Ioitescu, Maria Roxana"]
[Result "0-1"]
[WhiteElo "1001"]
[BlackElo "1064"]
[PlyCount "85"]
[EventDate "2015.03.30"]
[EventType "swiss"]
[EventRounds "9"]
[EventCountry "ROU"]
[SourceTitle "CBM 165 Extra"]
[Source "ChessBase"]
[SourceDate "2015.04.21"]
[SourceVersion "1"]
[SourceVersionDate "2015.04.21"]
[SourceQuality "1"]

1. e4 e6 2. Nf3 d5 3. Nc3 dxe4 4. Nxe4 Nc6 5. Bb5 a6 6. Bxc6+ bxc6 7. d4 Nf6 8. Nxf6+ Qxf6 9. 0-0 Qd8 10. Re1 Bd6 11. Qd3 0-0 12. Re4 e5 13. Rh4 h6 14. Ng5 g6 15. Rxh6 Be7 16. Ne4 Bf5 17. Qf3 Bxe4 18. Qxe4 Bg5 19. Qxe5 Bxh6 20. Bxh6 f6 21. Qe6+ Rf7 22. Qxc6 Rh7 23. Qe6+ Rf7 24. Re1 Qd7 25. Qb3 Qxd4 26. h3 Qd7 27. Re6 Qd1+ 28. Kh2 Kh7 29. Qe3 f5 30. Qg5 Qd7 31. Qxg6+ Kh8 32. Re3 Qd6+ 33. Qg3 Qxg3+ 34. Rxg3 Kh7 35. Bf4 Rg7 36. Rd3 Rag8 37. g3 Rb8 38. b3 Re8 39. Rd2 Rge7 40. Be3 Re6 41. Rd7+ Kg6 42. Rxc7 R6e7 43. Rc5 0-1

[Event "ROM-ch U08 Girls"]
[Site "Calimanesti"]
[Date "2014.04.13"]
[Round "9"]
[White "Costea, Ana Maria Teodora"]
[Black "Ioitescu, Maria Roxana"]
[Result "0-1"]
[WhiteElo "1001"]
[BlackElo "1001"]
[PlyCount "34"]
[EventDate "2014.04.06"]
[EventType "swiss"]
[EventRounds "9"]
[EventCountry "ROU"]
[SourceTitle "CBM 160 Extra"]
[Source "ChessBase"]
[SourceDate "2014.07.01"]
[SourceVersion "1"]
[SourceVersionDate "2014.07.01"]
[SourceQuality "1"]

1. e4 e5 2. Bc4 Nc6 3. Nf3 Bc5 4. Nc3 Nf6 5. d3 0-0 6. 0-0 d6 7. h3 Ne7 8. Bd2 d5 9. exd5 c6 10. Nxe5 Bd6 11. Nf3 Bb8 12. Qe1 Qc7 13. Be3 Nf5 14. Bg5 Nd4 15. Ne5 Bd7 16. Qc1 c5 17. Rd1 a6 0-1